000 00509nam a2200181Ia 4500
008 100920s9999 xx 000 0 und d
082 _b67451
_a24 0
100 _aसोनवणी संजय.
245 _aअखेरचा सम्राट.
260 _b---
_c0
300 _a250
_bसाधी
365 _b95
520 _aसायो.
630 _aअखेरचा सम्राट.
650 _aसायो.
730 _aअखेरचा सम्राट.
942 _cBOOK
999 _c709915
_d709912